000 00482nam a2200157Ia 4500
008 210716s2006 xx 000 0 und d
020 _a8177585274
041 _aeng
082 _a004.62 COMD
100 _aComer, Douglas E.
245 _aInternetworking with tcp/ip: principles protocols and architecture.
_bPrinciples protocols and architecture.
250 _a4
260 _aNew Delhi
_bPearson Education
_c2006
300 _axxiv,750
650 _aInternet,Working With TCP/IP
999 _c187573
_d187573